Mixed Up Movies - Statistics

General Stats
  • This quiz has been taken 63 times
  • The average score is 14 of 20
Answer Stats
MOVIE ANSWER % Correct
Spjder Chan Spider Man
96%
Gost Hustlers Ghost Busters
92%
Hoddgy Pouteer Harry Potter
90%
Liard Oif Dee Rongs Lord of the Rings
90%
Habbit Hobbit
88%
Spoonge Bobs Sponge Bob
88%
Bootmain Batman
86%
Stawsk Wards Star Wars
86%
Tee thathic Titanic
84%
Touy Stiry Toy Story
84%
Agenfers Avengers
82%
Pooper Rawgers Power Rangers
80%
Sretheck Shrek
75%
Sauper Moon Super Man
75%
Frokens Frozen
73%
Stringther Benigs Stranger Things
69%
Jit IT
31%
Moneyooins Minions
27%
Got Hun Maderis Top Gun Maverick
20%
mahg Meg
12%
No matching quizzes found
Score Distribution
Percent of People with Each Score
Percentile by Number Answered
Your Score History
You have not taken this quiz